000
00330nam a2200145 a 4500
008
190524s1969|||| d
100
1
_a
Šamanek Soukup
245
1
0
_a
Stavební výkresy pozemních staveb
260
_b
SNTL
_a
Praha
_c
1969
958
_a
AUL
250
_a
1.vydanie
020
_c
0
041
_a
cze
044
_a
CZ
999
_c
20750
_d
20750